joueur ayant gagner un bo - Statistiques

Statistiques générales
  • Ce quiz a été pris 73 fois
  • Le résultat moyen est 6 sur 7
Answers on the Grid
Answers color-coded by a green-red scale on the quiz's grid according to % correct below.
modric
mbappe
dembele
lewandowski
van djik
benzema
rivaldo
giroud
neymar
messi
cristiano ronaldo
hazard
van den boomen
van basten
 
Statistiques - réponses
Réponse % Correct
benzema
96%
cristiano ronaldo
96%
dembele
96%
messi
96%
modric
93%
van basten
84%
rivaldo
74%
Aucun quiz correspondant
Distribution des résultats
% des personnes avec chaque résultat
Percentile par nombre de réponses
Votre historique - résultats
Vous n’avez pas pris ce quiz